000 00644nam a2200169 i 4500
001 45650
003 ES-MaACL
005 20230906161243.0
007 t|
008 030326s1947 sp ||||1| spa d
100 1 _aColom, Guillermo.
_939788
245 1 0 _aEstudios sobre la sedimentación profunda de las Baleares desde el Lias superior al Genomanense-Turonense... /
_cGuillermo Colom.
260 _aMadrid :
_bConsejo Superior de Investigaciones Científicas, Instituto Lucas Mallada,
_c1947 (
_fC. Bermejo)
300 _a147 p., 28 lám. :
_bil. ;
_c25 cm.
710 0 0 _aInstituto Lucas Mallada.
_95122
852 _aES-MaACL
_jC-5249
_bR.25861
999 _c45650
_d45650